All Italian Wars - Statistics

General Stats
  • This quiz has been taken 43 times
  • The average score is 16 of 35
Answer Stats
Years War % Correct
1914-1918 WW1
91%
1939-1945 WW2
91%
2003-2006 Iraq War
80%
1895-1896 1st Italo-Ethiopian War
74%
1866 Austro-Prussian War
71%
2011 Libyan Civil War
71%
1923-1932 Pacification of Libya
71%
1992-1995 Somali Civil War
69%
2001-2021 War in Afghanistan
69%
1911-1912 Italo-Turkish War
60%
1918-1920 Russian Civil War
60%
1919-1923 Turkish War of Independence
54%
1885-1895 Eritrean War
51%
1848-1849 1st Italian War of Independence
49%
1859 2nd Italian War of Independence
49%
1866 3rd Italian War of Independence
49%
1992-1995 Bosnian War
49%
1998-1999 Kosovo War
49%
1936-1939 Spanish Civil War
49%
1997 Albanian Unrest
46%
1853-1856 Crimean War
46%
1991 Gulf War
46%
1939 Invasion of Albania
46%
1899-1901 Boxer Rebellion
34%
1870 Capture of Rome
34%
2001 Insurgency in Macedonia
31%
1982-1984 Intervention in Lebanon
26%
1935-1937 2nd Italo-Abyssinian War
23%
1924-1927 Pacification of Somaliland
23%
1900-1920 Somaliland Campaign
23%
1881-1899 Mahdist War
20%
1890-1908 Benadir War
11%
1920 Bloody Christmas
11%
1897-1898 Cretan Revolt
11%
1920 Vlora War
11%
No matching quizzes found
Score Distribution
Percent of People with Each Score
Percentile by Number Answered
Your Score History
You have not taken this quiz